[Event "San Vicente op 9th"]
[Site "San Vicente"]
[Date "2025.04.20"]
[Round "8"]
[White "Garrido Outon, Alex"]
[Black "Granero Roca, Antonio"]
[Result "1-0"]
[WhiteElo "2450"]
[BlackElo "2278"]
[PlyCount "71"]
[EventDate "2025.04.16"]
[EventType "swiss"]
[EventRounds "9"]
[EventCountry "ESP"]
[SourceTitle "CB17_2025"]
[SourceDate "2025.04.23"]
[SourceVersion "1"]
[SourceVersionDate "2025.04.23"]
[SourceQuality "1"]

1. e4 e5 2. Nf3 Nc6 3. Bb5 a6 4. Ba4 Nf6 5. 0-0 b5 6. Bb3 Be7 7. Re1 0-0 8. a4 Rb8 9. axb5 axb5 10. c3 d6 11. d4 exd4 12. cxd4 d5 13. exd5 Nxd5 14. Nc3 Be6 15. Bd2 Nxc3 16. bxc3 Bxb3 17. Qxb3 b4 18. Qc4 Rb6 19. d5 Nb8 20. cxb4 Bd6 21. Ng5 Nd7 22. Qd3 g6 23. Rab1 Nf6 24. Ne4 Nxe4 25. Qxe4 Rb8 26. Qd4 f6 27. Qc4 Qd7 28. Re6 Qb5 29. Qe4 Kg7 30. Bc3 Rf7 31. g3 Ra8 32. Re1 Rd8 33. Rxf6 Rxf6 34. Bxf6+ Kxf6 35. Qh4+ g5 36. Qh6+ 1-0

[Event "San Vicente op 9th"]
[Site "San Vicente"]
[Date "2025.04.16"]
[Round "1"]
[White "Garrido Outon, Alex"]
[Black "Jarque Megias, Juan Jose"]
[Result "1-0"]
[WhiteElo "2450"]
[BlackElo "2085"]
[PlyCount "87"]
[EventDate "2025.04.16"]
[EventType "swiss"]
[EventRounds "9"]
[EventCountry "ESP"]
[SourceTitle "CB17_2025"]
[SourceDate "2025.04.23"]
[SourceVersion "1"]
[SourceVersionDate "2025.04.23"]
[SourceQuality "1"]

1. e4 e6 2. d4 d5 3. Nc3 Bb4 4. Nge2 dxe4 5. a3 Bxc3+ 6. Nxc3 Nc6 7. Bb5 Nge7 8. Bg5 f6 9. Be3 0-0 10. Qd2 f5 11. f3 exf3 12. 0-0-0 a6 13. Bxc6 Nxc6 14. gxf3 b5 15. Rhg1 Ne7 16. d5 e5 17. Bc5 Rf7 18. h4 Bb7 19. Qe2 Nxd5 20. Qxe5 Qf6 21. Rxd5 Bxd5 22. Qxf6 Rxf6 23. Nxd5 Rf7 24. Re1 h6 25. h5 Rd7 26. Nf4 Kf7 27. Re5 Kf6 28. Re6+ Kf7 29. b3 a5 30. Re5 Kf6 31. Ng6 f4 32. Be7+ Kf7 33. Rf5+ Kg8 34. Rxb5 c6 35. Rf5 Rd5 36. Rxd5 cxd5 37. Nxf4 Re8 38. Nxd5 Kf7 39. c4 a4 40. b4 Rc8 41. c5 Ke6 42. Nb6 Rc7 43. Bd8 Rc6 44. Kd2 1-0

[Event "Barcelona Navidad GM"]
[Site "Barcelona"]
[Date "2024.12.29"]
[Round "7"]
[White "Mompel Ferruz, Xavier"]
[Black "Garrido Outon, Alex"]
[Result "1/2-1/2"]
[WhiteElo "2288"]
[BlackElo "2444"]
[PlyCount "73"]
[EventDate "2024.12.26"]
[EventType "tourn"]
[EventRounds "9"]
[EventCountry "ESP"]
[EventCategory "7"]
[SourceTitle "CB01_2025"]
[SourceDate "2025.01.01"]
[SourceVersion "1"]
[SourceVersionDate "2025.01.01"]
[SourceQuality "1"]

1. e4 e5 2. Nf3 Nc6 3. Bb5 a6 4. Ba4 Nf6 5. 0-0 Be7 6. d3 b5 7. Bb3 d6 8. c3 0-0 9. h3 Bb7 10. Re1 Na5 11. Bc2 c5 12. Nbd2 Re8 13. Nf1 h6 14. Ng3 Bf8 15. d4 exd4 16. cxd4 cxd4 17. Nxd4 Nc4 18. b3 Ne5 19. Bb2 Qb6 20. f4 Ned7 21. Kh2 Rad8 22. Qf3 g6 23. Rad1 Qc5 24. Bb1 Kh7 25. Rc1 Qb6 26. Rcd1 Qa7 27. a3 Qa8 28. b4 Re7 29. Re2 Rde8 30. Rde1 h5 31. h4 Ng4+ 32. Kh1 Ndf6 33. Kg1 Kg8 34. Nb3 Bg7 35. Bd4 Bc8 36. Qd3 Be6 37. Qf3 1/2-1/2

[Event "Barcelona Navidad GM"]
[Site "Barcelona"]
[Date "2024.12.28"]
[Round "4"]
[White "Garrido Outon, Alex"]
[Black "Valenzuela Gomez, Fernando Alberto"]
[Result "1-0"]
[WhiteElo "2444"]
[BlackElo "2335"]
[PlyCount "85"]
[EventDate "2024.12.26"]
[EventType "tourn"]
[EventRounds "9"]
[EventCountry "ESP"]
[EventCategory "7"]
[SourceTitle "CB01_2025"]
[SourceDate "2025.01.01"]
[SourceVersion "1"]
[SourceVersionDate "2025.01.01"]
[SourceQuality "1"]

1. e4 e5 2. Nf3 Nc6 3. Bb5 a6 4. Ba4 Nf6 5. 0-0 Nxe4 6. d4 Be7 7. Re1 b5 8. Rxe4 d5 9. Nxe5 Nxe5 10. Rxe5 bxa4 11. Nc3 0-0 12. Qh5 Bd6 13. Re2 Bd7 14. Nxd5 Qc8 15. h3 Re8 16. Bf4 Rxe2 17. Bxd6 Re6 18. Ne7+ Rxe7 19. Bxe7 Qb7 20. Ba3 Qe4 21. Qc5 Bc6 22. f3 Qe3+ 23. Kh1 Bxf3 24. Rf1 Be4 25. Qh5 f5 26. Bb4 Qg3 27. Qe2 Qxh3+ 28. Kg1 Qg3 29. Bd2 h5 30. Bf4 Qg6 31. Qc4+ Kh7 32. Rf2 c6 33. Kh2 Re8 34. Qxa6 h4 35. Be5 Rxe5 36. dxe5 Qg3+ 37. Kg1 h3 38. Qe2 Kg6 39. b4 axb3 40. cxb3 Kg5 41. e6 Kf6 42. e7 Kxe7 43. Rxf5 1-0

[Event "Barcelona Navidad GM"]
[Site "Barcelona"]
[Date "2024.12.26"]
[Round "1"]
[White "Prado Lobo, Jonas"]
[Black "Garrido Outon, Alex"]
[Result "0-1"]
[WhiteElo "2360"]
[BlackElo "2444"]
[PlyCount "124"]
[EventDate "2024.12.26"]
[EventType "tourn"]
[EventRounds "9"]
[EventCountry "ESP"]
[EventCategory "7"]
[SourceTitle "CB01_2025"]
[SourceDate "2025.01.01"]
[SourceVersion "1"]
[SourceVersionDate "2025.01.01"]
[SourceQuality "1"]

1. d4 d5 2. Nf3 Nf6 3. c4 e6 4. Nc3 Bb4 5. Bg5 h6 6. Bxf6 Qxf6 7. e3 0-0 8. Rc1 Rd8 9. Qb3 Nc6 10. cxd5 exd5 11. Be2 a5 12. a3 a4 13. Qd1 Bxc3+ 14. Rxc3 Ne7 15. 0-0 c6 16. Ne5 Bf5 17. Bd3 Bxd3 18. Nxd3 Nc8 19. Nc5 b5 20. Qf3 Qxf3 21. gxf3 Nd6 22. Nd3 Nc4 23. f4 Rd6 24. Kg2 g5 25. fxg5 hxg5 26. Rg1 Kg7 27. Kh1 Kf6 28. Rg3 Rh8 29. Rc1 Kf5 30. Kg2 g4 31. Rh1 Rdh6 32. Ne5 Nxe5 33. dxe5 Rh3 34. Rxh3 Rxh3 35. Rc1 Rh6 36. Kg3 Rh3+ 37. Kg2 Rh6 38. Kg3 Rg6 39. Rd1 Kxe5 40. Rd4 f5 41. Rb4 Rh6 42. Kg2 Rh8 43. Kg3 Rh3+ 44. Kg2 Rh8 45. Kg3 Rh3+ 46. Kg2 Rf3 47. b3 axb3 48. Rxb3 f4 49. exf4+ Kxf4 50. Rb4+ Kf5 51. a4 bxa4 52. Rxa4 c5 53. h4 c4 54. Ra8 Rh3 55. Rf8+ Ke4 56. Rg8 Rxh4 57. Kg3 Rh1 58. Kg2 Rh4 59. Kg3 Rh7 60. Rxg4+ Kd3 61. Kf4 c3 62. Ke5 Rh5+ 0-1

[Event "ESP-chT CECLUB Honor"]
[Site "Melilla"]
[Date "2024.10.12"]
[Round "1.11"]
[White "Garrido Outon, Alex"]
[Black "Vega Gutierrez, Sabrina Neide"]
[Result "1-0"]
[WhiteElo "2448"]
[BlackElo "2392"]
[PlyCount "69"]
[EventDate "2024.10.12"]
[EventType "team-tourn"]
[EventRounds "7"]
[EventCountry "ESP"]
[SourceTitle "CB43_2024"]
[Source "Chessbase"]
[SourceDate "2024.10.23"]
[SourceVersion "1"]
[SourceVersionDate "2024.10.23"]
[SourceQuality "1"]
[WhiteTeam "Extremadura Magic"]
[BlackTeam "Casablanca MyInvestor"]
[WhiteTeamCountry "ESP"]
[BlackTeamCountry "ESP"]

1. e4 c5 2. Nf3 g6 3. d4 cxd4 4. Nxd4 Nc6 5. c4 Nf6 6. Nc3 d6 7. Be2 Nxd4 8. Qxd4 Bg7 9. Be3 0-0 10. Qd3 a6 11. 0-0 Bd7 12. a3 b5 13. cxb5 axb5 14. b4 Qb8 15. Rfc1 Bc6 16. Bf1 Rd8 17. Bd4 e5 18. Be3 d5 19. Nxb5 Bxb5 20. Qxb5 Nxe4 21. Bb6 Rd6 22. Rc6 Nc3 23. Qc5 Rxc6 24. Qxc6 e4 25. Rc1 d4 26. b5 d3 27. Bc7 Qe8 28. Rxc3 Bxc3 29. Qxc3 Qxb5 30. Bf4 Qa5 31. Qd4 Qa4 32. Qe5 Qe8 33. Qb2 Qe6 34. Bh6 f6 35. Qb7 1-0

[Event "Iberoamerican-ch 10th"]
[Site "Linares"]
[Date "2024.09.29"]
[Round "7"]
[White "Garrido Outon, Alex"]
[Black "Garcia Fernandez, Victor"]
[Result "1-0"]
[WhiteElo "2448"]
[BlackElo "2353"]
[PlyCount "65"]
[EventDate "2024.09.25"]
[EventType "swiss"]
[EventRounds "9"]
[EventCountry "ESP"]
[SourceTitle "EXT 2025"]
[Source "ChessBase"]
[SourceDate "2024.10.14"]
[SourceVersion "1"]
[SourceVersionDate "2024.10.14"]
[SourceQuality "1"]

1. e4 c5 2. Nf3 Nc6 3. d4 cxd4 4. Nxd4 Nf6 5. Nc3 e5 6. Nde2 Bc5 7. Ng3 d6 8. Na4 Bb4+ 9. c3 Ba5 10. b4 Bc7 11. Bd3 0-0 12. 0-0 h6 13. h3 d5 14. exd5 Nxd5 15. Qf3 Nce7 16. Rd1 Qe8 17. Bc2 Nb6 18. Nxb6 axb6 19. Qe4 Ng6 20. Nf5 Bxf5 21. Qxf5 Qc6 22. Be4 Qxc3 23. Bd2 Qb2 24. Rac1 Bd6 25. h4 h5 26. Qxh5 Rad8 27. Qf5 Rfe8 28. Bg5 Be7 29. Rxd8 Rxd8 30. Rc7 Bf6 31. Bxf6 gxf6 32. Qxf6 Rf8 33. Bxg6 1-0

[Event "Iberoamerican-ch 10th"]
[Site "Linares"]
[Date "2024.09.28"]
[Round "6"]
[White "Fernandez Guillen, Ernesto J"]
[Black "Garrido Outon, Alex"]
[Result "1-0"]
[WhiteElo "2463"]
[BlackElo "2448"]
[PlyCount "66"]
[EventDate "2024.09.25"]
[EventType "swiss"]
[EventRounds "9"]
[EventCountry "ESP"]
[SourceTitle "EXT 2025"]
[Source "ChessBase"]
[SourceDate "2024.10.14"]
[SourceVersion "1"]
[SourceVersionDate "2024.10.14"]
[SourceQuality "1"]

1. e4 e5 2. Nf3 Nc6 3. Bc4 d6 4. h3 Be7 5. d4 Nf6 6. Nc3 0-0 7. d5 Nb8 8. g4 Nbd7 9. Be3 Nb6 10. Bb3 c6 11. g5 Nfd7 12. dxc6 bxc6 13. Rg1 Ba6 14. Nd2 Nc5 15. g6 hxg6 16. Rxg6 Bf6 17. Rg1 Qe7 18. Qf3 Rfd8 19. 0-0-0 Nxb3+ 20. axb3 Qe6 21. Bg5 Nd7 22. h4 Bxg5 23. Rxg5 f6 24. Rg3 Nf8 25. Rdg1 Rd7 26. Nd1 g6 27. Ne3 Kh8 28. Ng4 Rf7 29. Qc3 d5 30. Nf3 Re8 31. Ngxe5 fxe5 32. Ng5 Qf6 33. Rf3 Qe7 1-0

[Event "Iberoamerican-ch 10th"]
[Site "Linares"]
[Date "2024.09.27"]
[Round "5"]
[White "Garrido Outon, Alex"]
[Black "Garcia Ramos, Daniel"]
[Result "0-1"]
[WhiteElo "2448"]
[BlackElo "2415"]
[PlyCount "72"]
[EventDate "2024.09.25"]
[EventType "swiss"]
[EventRounds "9"]
[EventCountry "ESP"]
[SourceTitle "EXT 2025"]
[Source "ChessBase"]
[SourceDate "2024.10.14"]
[SourceVersion "1"]
[SourceVersionDate "2024.10.14"]
[SourceQuality "1"]

1. e4 c6 2. d4 d5 3. e5 Bf5 4. h4 h5 5. c4 e6 6. Nc3 dxc4 7. Bxc4 Nd7 8. Bg5 Qb6 9. Nge2 Be7 10. 0-0 Bxg5 11. hxg5 Ne7 12. Qc1 0-0-0 13. Qe3 Kb8 14. Rfd1 h4 15. Ne4 Nxe5 16. Bb3 Ng4 17. Qf4+ Ka8 18. Nd6 Ng6 19. Nc4 Nxf4 20. Nxb6+ axb6 21. Nxf4 Rd6 22. Rac1 Rhd8 23. f3 Ne3 24. Re1 Rxd4 25. Nxe6 fxe6 26. Rxe3 Rd2 27. Rc4 h3 28. gxh3 Rxb2 29. f4 Rdd2 30. Rc1 Rg2+ 31. Kf1 Rh2 32. Kg1 Rbg2+ 33. Kf1 Rd2 34. Ke1 b5 35. h4 Rb2 36. Rf3 Be4 0-1

[Event "Iberoamerican-ch 10th"]
[Site "Linares"]
[Date "2024.09.27"]
[Round "4"]
[White "Salinas Herrera, Pablo Patricio"]
[Black "Garrido Outon, Alex"]
[Result "0-1"]
[WhiteElo "2479"]
[BlackElo "2448"]
[PlyCount "84"]
[EventDate "2024.09.25"]
[EventType "swiss"]
[EventRounds "9"]
[EventCountry "ESP"]
[SourceTitle "EXT 2025"]
[Source "ChessBase"]
[SourceDate "2024.10.14"]
[SourceVersion "1"]
[SourceVersionDate "2024.10.14"]
[SourceQuality "1"]

1. d4 d5 2. c4 e6 3. Nc3 Nf6 4. cxd5 exd5 5. Bg5 Bb4 6. Nf3 h6 7. Bxf6 Qxf6 8. Qa4+ Nc6 9. e3 0-0 10. Be2 Be6 11. 0-0 a6 12. Rfc1 Bd6 13. Qd1 Ne7 14. Na4 b6 15. b4 g5 16. Nb2 a5 17. b5 Ng6 18. Nd3 Rae8 19. Rc3 Kg7 20. Rac1 Re7 21. Nd2 h5 22. Bxh5 Rh8 23. h3 Nh4 24. Ne5 Nxg2 25. Kxg2 Qh6 26. Bg4 f5 27. Bf3 g4 28. hxg4 fxg4 29. Bxg4 Bxe5 30. dxe5 Qh2+ 31. Kf1 Qh1+ 32. Ke2 Bxg4+ 33. f3 Qh2+ 34. Kd3 Bf5+ 35. e4 dxe4+ 36. fxe4 Rd7+ 37. Kc2 Rxd2+ 38. Qxd2 Bxe4+ 39. Kd1 Qg1+ 40. Qe1 Rd8+ 41. Ke2 Qg4+ 42. Kf2 Qg2+ 0-1

[Event "Iberoamerican-ch 10th"]
[Site "Linares"]
[Date "2024.09.26"]
[Round "3"]
[White "Garrido Outon, Alex"]
[Black "Perea Fruet, Lorenzo"]
[Result "1-0"]
[WhiteElo "2448"]
[BlackElo "2389"]
[PlyCount "105"]
[EventDate "2024.09.25"]
[EventType "swiss"]
[EventRounds "9"]
[EventCountry "ESP"]
[SourceTitle "EXT 2025"]
[Source "ChessBase"]
[SourceDate "2024.10.14"]
[SourceVersion "1"]
[SourceVersionDate "2024.10.14"]
[SourceQuality "1"]

1. e4 e5 2. Nf3 Nc6 3. Bb5 a6 4. Ba4 Nge7 5. c3 Ng6 6. d4 exd4 7. cxd4 Bb4+ 8. Nc3 0-0 9. 0-0 Bxc3 10. bxc3 d6 11. Bg5 f6 12. Bd2 Kh8 13. Re1 Bd7 14. c4 Bg4 15. Bxc6 bxc6 16. h3 Bxf3 17. Qxf3 Qd7 18. Bb4 Rfe8 19. Rac1 f5 20. Qxf5 Qxf5 21. exf5 Nh4 22. Ba5 Nxf5 23. Bxc7 Nxd4 24. Rxe8+ Rxe8 25. Rd1 Ne2+ 26. Kf1 Nc3 27. Rxd6 Nxa2 28. Rxc6 Nb4 29. Rd6 Rc8 30. Ba5 Nc6 31. Bc3 Rc7 32. Ke2 Kg8 33. Kd3 Kf7 34. c5 a5 35. Kc4 a4 36. Kb5 Ne7 37. Ba5 Rc8 38. Rd4 a3 39. Ra4 Ke6 40. Rxa3 Nc6 41. Bb6 Kd5 42. Rd3+ Nd4+ 43. Ka6 Kc4 44. Rg3 Rf8 45. Rxg7 Rxf2 46. c6 Ra2+ 47. Kb7 Nf5 48. Rd7 Re2 49. g4 Ne7 50. c7 Kb5 51. Bd4 Re6 52. Rxe7 Rxe7 53. Kb8 1-0

[Event "Iberoamerican-ch 10th"]
[Site "Linares"]
[Date "2024.09.25"]
[Round "1"]
[White "Garrido Outon, Alex"]
[Black "Gomez Carreno, Martin"]
[Result "1-0"]
[WhiteElo "2448"]
[BlackElo "2124"]
[PlyCount "97"]
[EventDate "2024.09.25"]
[EventType "swiss"]
[EventRounds "9"]
[EventCountry "ESP"]
[SourceTitle "EXT 2025"]
[Source "ChessBase"]
[SourceDate "2024.10.14"]
[SourceVersion "1"]
[SourceVersionDate "2024.10.14"]
[SourceQuality "1"]

1. e4 e5 2. Nf3 Nc6 3. Nc3 Nf6 4. Bb5 Nd4 5. 0-0 c6 6. Bd3 Nxf3+ 7. Qxf3 d6 8. Be2 Bg4 9. Qe3 Qb6 10. Bxg4 Qxe3 11. fxe3 Nxg4 12. b3 Be7 13. Bb2 0-0 14. Ne2 Rad8 15. h3 Nf6 16. d3 Rfe8 17. Ng3 g6 18. Rf3 Nd7 19. Raf1 f6 20. c4 Bf8 21. Rd1 Bg7 22. Ne2 Nc5 23. Nc3 Ne6 24. g4 Nc7 25. Kg2 d5 26. exd5 cxd5 27. Rdf1 Re6 28. R1f2 e4 29. dxe4 dxe4 30. Rf4 Bh6 31. Rxe4 Bxe3 32. Re2 Rd3 33. Rxe6 Nxe6 34. Nd5 Nf4+ 35. Nxf4 Bxf4 36. Bxf6 Rg3+ 37. Kf2 Rxh3 38. Re7 g5 39. Rxb7 Rh2+ 40. Kf3 Rxa2 41. Rg7+ Kf8 42. Rxh7 a5 43. Ra7 Rd2 44. Ke4 Rg2 45. Kf5 Rg3 46. Rb7 Bd2 47. Kg6 Bf4 48. Bxg5 Rxg4 49. Rf7+ 1-0

[Event "ESP-chT Rapid"]
[Site "Ubeda"]
[Date "2024.08.25"]
[Round "6.13"]
[White "Garrido Outon, Alex"]
[Black "Kryvoruchko, Yuriy"]
[Result "1-0"]
[WhiteElo "2448"]
[BlackElo "2650"]
[PlyCount "65"]
[EventDate "2024.08.25"]
[EventType "team-swiss (rapid)"]
[EventRounds "7"]
[EventCountry "ESP"]
[SourceTitle "CBM 221 Extra"]
[Source "ChessBase"]
[SourceDate "2024.09.30"]
[SourceVersion "1"]
[SourceVersionDate "2024.09.30"]
[SourceQuality "1"]
[WhiteTeam "Extremadura Magic"]
[BlackTeam "Manises Eva"]
[WhiteTeamCountry "ESP"]
[BlackTeamCountry "ESP"]

1. e4 e5 2. Nf3 Nc6 3. Bb5 Nf6 4. d3 Bc5 5. Bg5 0-0 6. 0-0 h6 7. Bh4 Be7 8. Bxc6 bxc6 9. Nxe5 Nxe4 10. Bxe7 Qxe7 11. Nxd7 Nxf2 12. Rxf2 Bxd7 13. Nd2 c5 14. Qf3 Be6 15. Re1 Rfe8 16. Ne4 Rad8 17. b3 f5 18. Ng3 g6 19. Qf4 Kh7 20. Rfe2 Qd7 21. Qe5 Bxb3 22. Qf6 Rxe2 23. Rxe2 Re8 24. axb3 h5 25. h4 a5 26. Kh2 a4 27. bxa4 Rxe2 28. Nxe2 Qxa4 29. c4 Qe8 30. Nf4 Kh6 31. Ne6 Qg8 32. Qf8+ Qxf8 33. Nxf8 1-0

[Event "ESP-chT Rapid"]
[Site "Ubeda"]
[Date "2024.08.25"]
[Round "3.13"]
[White "Garrido Outon, Alex"]
[Black "Martinez Duany, Lelys Stanley"]
[Result "0-1"]
[WhiteElo "2448"]
[BlackElo "2439"]
[PlyCount "116"]
[EventDate "2024.08.25"]
[EventType "team-swiss (rapid)"]
[EventRounds "7"]
[EventCountry "ESP"]
[SourceTitle "CBM 221 Extra"]
[Source "ChessBase"]
[SourceDate "2024.09.30"]
[SourceVersion "1"]
[SourceVersionDate "2024.09.30"]
[SourceQuality "1"]
[WhiteTeam "Extremadura Magic"]
[BlackTeam "Gijon 64"]
[WhiteTeamCountry "ESP"]
[BlackTeamCountry "ESP"]

1. e4 c5 2. Nf3 Nc6 3. d4 cxd4 4. Nxd4 g6 5. c4 Bg7 6. Be3 Nf6 7. Nc3 0-0 8. Be2 d6 9. 0-0 Bd7 10. h3 Re8 11. Nf3 h6 12. a3 Kh7 13. Rc1 Be6 14. b4 Nd7 15. Qd2 a5 16. Nd5 axb4 17. axb4 Ra3 18. b5 Bxd5 19. Qxd5 Nce5 20. Nxe5 Nxe5 21. Qxb7 Qd7 22. Qd5 Rc8 23. Rfd1 Rxe3 24. fxe3 Qa7 25. Qd2 Bf6 26. Ra1 Nf3+ 27. gxf3 Bxa1 28. Kf2 Bf6 29. f4 Qb6 30. Qd5 Kg7 31. Kf3 Rc5 32. Qd3 Rc7 33. Rd2 Ra7 34. Qb3 Qc5 35. Rd5 Qc8 36. Kg2 Qa8 37. b6 Rb7 38. e5 dxe5 39. fxe5 Bxe5 40. Bf3 Rxb6 41. Qxb6 Qa2+ 42. Kf1 Bg3 43. Qd4+ e5 44. Qd2 Qxc4+ 45. Kg2 Qh4 46. Rd7 Be1 47. Qe2 Qg3+ 48. Kf1 Qxh3+ 49. Kxe1 Qxd7 50. Kf2 Qf5 51. Qc4 h5 52. Qh4 Qc2+ 53. Kg3 Qd2 54. Qe4 Qd6 55. Kg2 f5 56. Qb7+ Kh6 57. Kh3 e4 58. Bg2 h4 0-1

[Event "ESP-ch Rapid"]
[Site "Mengibar"]
[Date "2024.08.17"]
[Round "4"]
[White "Sanchez Saez, Francisco"]
[Black "Garrido Outon, Alex"]
[Result "0-1"]
[WhiteElo "2268"]
[BlackElo "2448"]
[PlyCount "112"]
[EventDate "2024.08.17"]
[EventType "swiss (rapid)"]
[EventRounds "10"]
[EventCountry "ESP"]
[SourceTitle "CBM 221 Extra"]
[Source "ChessBase"]
[SourceDate "2024.09.30"]
[SourceVersion "1"]
[SourceVersionDate "2024.09.30"]
[SourceQuality "1"]

1. e4 d6 2. d4 Nf6 3. Nc3 Nbd7 4. Nf3 e5 5. g4 d5 6. exd5 e4 7. Ne5 Bb4 8. Bc4 0-0 9. g5 Nxe5 10. dxe5 Ng4 11. Bf4 Re8 12. Qd4 Qe7 13. d6 Nxe5 14. Bxe5 Qxe5 15. Bxf7+ Kxf7 16. Qxb4 Qxg5 17. Qb5 Qg4 18. h3 Qf3 19. Rg1 c6 20. Qg5 g6 21. Rg3 Qh1+ 22. Rg1 Qxh3 23. 0-0-0 Qf5 24. Qh6 Kg8 25. Kb1 Qf7 26. Rg5 Bf5 27. Rdg1 Rad8 28. Nd1 Rxd6 29. Ne3 Bc8 30. Qh2 Rf6 31. R1g2 Rf8 32. b3 Rxf2 33. Qe5 Rxg2 34. Rxg2 Qf3 35. Qd4 Qf6 36. Qxe4 Qf4 37. Qe7 Rf7 38. Qe8+ Kg7 39. Re2 Bd7 40. Qd8 Qf3 41. Re1 Qf2 42. Rf1 Qxe3 43. Rxf7+ Kxf7 44. Qxd7+ Qe7 45. Qh3 h5 46. a4 Kg7 47. Qc3+ Kh7 48. Qd4 a5 49. Qd2 h4 50. Qxa5 h3 51. Qd2 Qc7 52. a5 h2 53. Qg2 Qf4 54. a6 bxa6 55. Qxc6 Qf1+ 56. Ka2 h1Q 0-1

[Event "Titled Tuesday intern op 30th Jul Early"]
[Site "Chess.com INT"]
[Date "2024.07.30"]
[Round "2"]
[White "Garrido Outon, Alex"]
[Black "Postny, Evgeny"]
[Result "1/2-1/2"]
[WhiteElo "2403"]
[BlackElo "2577"]
[PlyCount "42"]
[EventDate "2024.07.30"]
[EventType "swiss (blitz)"]
[EventRounds "11"]
[EventCountry "USA"]
[SourceTitle "EXT 2025"]
[Source "ChessBase"]
[SourceDate "2024.10.14"]
[SourceVersion "1"]
[SourceVersionDate "2024.10.14"]
[SourceQuality "1"]

1. Nf3 c5 2. g3 b6 3. Bg2 Bb7 4. 0-0 Nf6 5. d3 d5 6. Nbd2 Nc6 7. e4 dxe4 8. dxe4 e6 9. Re1 Be7 10. c3 0-0 11. Qc2 e5 12. Nc4 Qc7 13. Bg5 Rad8 14. Ne3 h6 15. Bxf6 Bxf6 16. Nd5 Qd6 17. Rad1 Qe6 18. Nc7 Qc8 19. Nd5 Qe6 20. Nc7 Qc8 21. Nd5 Qe6 1/2-1/2

[Event "POR-chT"]
[Site "Soure"]
[Date "2024.07.20"]
[Round "8.10"]
[White "Garrido Outon, Alex"]
[Black "Korneev, Oleg"]
[Result "1-0"]
[WhiteElo "2403"]
[BlackElo "2459"]
[PlyCount "24"]
[EventDate "2024.07.15"]
[EventType "team-tourn"]
[EventRounds "9"]
[EventCountry "POR"]
[SourceTitle "CBM 221 Extra"]
[Source "ChessBase"]
[SourceDate "2024.09.30"]
[SourceVersion "1"]
[SourceVersionDate "2024.09.30"]
[SourceQuality "1"]
[WhiteTeam "Montemor o Novo"]
[BlackTeam "EPGaia"]
[WhiteTeamCountry "POR"]
[BlackTeamCountry "POR"]

1. e4 e5 2. Nf3 Nc6 3. Bb5 Nf6 4. d3 Bc5 5. Bg5 h6 6. Bh4 d6 7. Nc3 Bb4 8. Qd2 a6 9. Bxc6+ bxc6 10. a3 Ba5 11. d4 g5 12. b4 Bb6 1-0

[Event "POR-chT"]
[Site "Soure"]
[Date "2024.07.17"]
[Round "4.10"]
[White "Garrido Outon, Alex"]
[Black "Royal, Shreyas"]
[Result "1-0"]
[WhiteElo "2403"]
[BlackElo "2487"]
[PlyCount "87"]
[EventDate "2024.07.15"]
[EventType "team-tourn"]
[EventRounds "9"]
[EventCountry "POR"]
[SourceTitle "CBM 221 Extra"]
[Source "ChessBase"]
[SourceDate "2024.09.30"]
[SourceVersion "1"]
[SourceVersionDate "2024.09.30"]
[SourceQuality "1"]
[WhiteTeam "Montemor o Novo"]
[BlackTeam "Montemor o Velho"]
[WhiteTeamCountry "POR"]
[BlackTeamCountry "POR"]

1. e4 e5 2. Nf3 Nc6 3. Bb5 a6 4. Ba4 Nf6 5. 0-0 d6 6. Re1 Bd7 7. c3 g6 8. d4 Bg7 9. Bg5 h6 10. Bh4 b5 11. Bb3 0-0 12. Nbd2 Qe8 13. a4 Rc8 14. axb5 axb5 15. dxe5 Nxe5 16. Nxe5 dxe5 17. Ra6 c6 18. c4 b4 19. c5 Rd8 20. Qc2 Be6 21. Ba4 Rd4 22. b3 Qd7 23. Nf3 Rxe4 24. Rxe4 Nxe4 25. Qxe4 g5 26. Bg3 Qd1+ 27. Qe1 Rd8 28. Bxc6 e4 29. Ra8 Bc8 30. Bxe4 Bc3 31. Qf1 Qxb3 32. Bd6 g4 33. Nh4 Re8 34. f3 gxf3 35. gxf3 Qe6 36. Nf5 Kh8 37. Ne7 Bd7 38. Rxe8+ Bxe8 39. Qg2 f5 40. Nxf5 b3 41. Qh3 Bd4+ 42. Kg2 Qg6+ 43. Qg4 b2 44. Nxd4 1-0

[Event "Valencia Cuna op 5th"]
[Site "Valencia"]
[Date "2024.07.12"]
[Round "7"]
[White "Garrido Outon, Alex"]
[Black "Danilenko, Dmitriy"]
[Result "0-1"]
[WhiteElo "2403"]
[BlackElo "2418"]
[PlyCount "138"]
[EventDate "2024.07.06"]
[EventType "swiss"]
[EventRounds "9"]
[EventCountry "ESP"]
[SourceTitle "CBM 221 Extra"]
[Source "ChessBase"]
[SourceDate "2024.09.30"]
[SourceVersion "1"]
[SourceVersionDate "2024.09.30"]
[SourceQuality "1"]

1. e4 c5 2. Nf3 d6 3. d4 cxd4 4. Nxd4 Nf6 5. Nc3 Nc6 6. Bg5 e6 7. Qd2 a6 8. 0-0-0 Be7 9. Bxf6 gxf6 10. f4 Bd7 11. Kb1 Nxd4 12. Qxd4 Qa5 13. g3 Qc5 14. Qd2 0-0-0 15. Bh3 h5 16. Rhe1 Kb8 17. Re3 h4 18. g4 Rc8 19. Bg2 Rc7 20. Ne2 Rhc8 21. Rc1 Qb6 22. Qd4 Qb5 23. Qd2 Qb6 24. Qd4 Rc5 25. h3 Qc7 26. Qd2 Bf8 27. Rc3 Bh6 28. Rxc5 dxc5 29. Qe1 Bxf4 30. Nxf4 Qxf4 31. Qxh4 Bc6 32. Rf1 Rd8 33. a3 Qh2 34. Qf2 Rd4 35. c3 Rd3 36. Qf4+ Qxf4 37. Rxf4 Rd1+ 38. Kc2 Rg1 39. Bf3 Rg3 40. Be2 Rxh3 41. Bd3 b5 42. b3 Rh2+ 43. Kc1 Rh6 44. e5 fxe5 45. Rxf7 Rh3 46. g5 Rxd3 47. g6 Rxc3+ 48. Kb2 Rg3 49. g7 e4 50. Rf8+ Kc7 51. g8Q Rxg8 52. Rxg8 a5 53. Kc3 Bd5 54. Rg7+ Kb6 55. Rg5 b4+ 56. Kb2 a4 57. bxa4 Ka5 58. Rg7 Kxa4 59. Ra7+ Kb5 60. axb4 cxb4 61. Rc7 e3 62. Rc8 e2 63. Rc1 Bc4 64. Kc2 Kc5 65. Kd2 e5 66. Rb1 e4 67. Rc1 Kd4 68. Rb1 b3 69. Rb2 e1Q+ 0-1

[Event "Valencia Cuna op 5th"]
[Site "Valencia"]
[Date "2024.07.10"]
[Round "5"]
[White "Garrido Outon, Alex"]
[Black "Kowalski, Igor"]
[Result "1-0"]
[WhiteElo "2403"]
[BlackElo "2372"]
[PlyCount "55"]
[EventDate "2024.07.06"]
[EventType "swiss"]
[EventRounds "9"]
[EventCountry "ESP"]
[SourceTitle "CBM 221 Extra"]
[Source "ChessBase"]
[SourceDate "2024.09.30"]
[SourceVersion "1"]
[SourceVersionDate "2024.09.30"]
[SourceQuality "1"]

1. e4 c6 2. d4 d5 3. e5 Bf5 4. h4 h5 5. c4 e6 6. Nc3 Bb4 7. cxd5 cxd5 8. a3 Bxc3+ 9. bxc3 Ne7 10. Ne2 Nbc6 11. a4 Rc8 12. Ng3 Bg6 13. Ba3 Na5 14. Bb5+ Nec6 15. Rc1 a6 16. Be2 Nc4 17. Bxc4 dxc4 18. f3 f6 19. Ne4 Bxe4 20. fxe4 fxe5 21. d5 Ne7 22. 0-0 exd5 23. exd5 Qxd5 24. Qe2 Rd8 25. Rce1 Nc6 26. Rd1 Qe6 27. Qxh5+ Rxh5 28. Rf8# 1-0